=LDR 00000nam 2200000 4500 =001 INLIS000000000048329 =005 20161021110109.0 =006 =007 =008 =020 ##$$a 978-979-29-4629-1 =035 ##$$0010-101600000000087 =082 ##$$2 22 $a 378.111 =090 ##$$a 378.111 $b Der a =100 ##$$a Dermawan Wibisono =245 ##$$a Active Learning with case methode $c Dermawan Wibisono =260 ##$$a Yogyakarta $b Andi $c 2014 =300 ##$$a xiv, 204 hlm. $b ilus $c 23 cm. =650 ##$$a Perguruan Tinggi - Tenaga Pengajar